The most dangerous place (Record no. 325474)

000 -LEADER
fixed length control field 00362 a2200133 4500
001 - CONTROL NUMBER
control field 90401
082 ## - DEWEY DECIMAL CLASSIFICATION NUMBER
Classification number 954.91053 GUL
090 ## - LOCALLY ASSIGNED LC-TYPE CALL NUMBER (OCLC); LOCAL CALL NUMBER (RLIN)
-- 42721
-- 42721
100 ## - MAIN ENTRY--PERSONAL NAME
Personal name Imtiaz Gul
245 ## - TITLE STATEMENT
Title The most dangerous place
Remainder of title Pakistan's Lawless Frontier
Statement of responsibility, etc. Imtiaz Gul
260 ## - PUBLICATION, DISTRIBUTION, ETC.
Place of publication, distribution, etc. New York
Name of publisher, distributor, etc. Penguin Group
Date of publication, distribution, etc. 2009
300 ## - PHYSICAL DESCRIPTION
Extent xxxvi, 282p.
500 ## - GENERAL NOTE
General note General Collection
942 ## - ADDED ENTRY ELEMENTS (KOHA)
Institution code [OBSOLETE] CAE NUST
Call number prefix 954.91053 GUL
Holdings
Withdrawn status Lost status Damaged status Not for loan Collection code Permanent Location Current Location Date acquired Total Checkouts Full call number Barcode Date last seen Price effective from Koha item type
          College of Aeronautical Engineering (CAE) College of Aeronautical Engineering (CAE) 04/03/2017   954.91053 GUL CAE86454 04/05/2017 04/05/2017 Book
© 2023 Central Library, National University of Sciences and Technology. All Rights Reserved.